[Event "134th YMCA Winter A"]
[Site "Warszawa"]
[Date "2014.03.09"]
[Round "9"]
[White "Nowak, Lukasz"]
[Black "Eggink, Mateusz"]
[Result "0-1"]
[WhiteElo "2087"]
[BlackElo "2052"]
[PlyCount "66"]
[EventDate "2014.01.09"]
[EventType "tourn"]
[EventRounds "1"]
[EventCountry "POL"]
[SourceDate "2014.01.09"]

1. e4 c5 2. Nf3 d6 3. d4 cxd4 4. Nxd4 Nf6 5. Nc3 a6 6. Be3 e6 7. Qf3 Nbd7 8.
Be2 Qc7 9. g4 Nc5 10. g5 Nfd7 11. Qg2 b5 12. a3 Bb7 13. f3 Nb6 14. h4 d5 15.
O-O-O Rc8 16. h5 Nca4 17. Ndxb5 axb5 18. Bxb5+ Bc6 19. Bxc6+ Qxc6 20. exd5 Qb7
21. Nxa4 Nxa4 22. Bd4 Rc4 23. Rh4 Nxb2 24. Bxb2 Rxh4 25. dxe6 fxe6 26. Qe2 Qc6
27. Qe5 Rc4 28. Rd2 Rc5 29. Qb8+ Qc8 30. Qf4 Be7 31. g6 Rf8 32. h6 Bg5 33. Qa4+
Ke7 0-1

[Event "134th YMCA Winter A"]
[Site "Warszawa"]
[Date "2014.03.07"]
[Round "9"]
[White "Goslawski, Michal"]
[Black "Sanz Losada, Victoriano"]
[Result "0-1"]
[WhiteElo "2154"]
[BlackElo "2103"]
[PlyCount "80"]
[EventDate "2014.01.09"]
[EventType "tourn"]
[EventRounds "1"]
[EventCountry "POL"]
[SourceDate "2014.01.09"]

1. Nf3 Nc6 2. d4 d6 3. d5 Ne5 4. Nxe5 dxe5 5. e4 Nf6 6. Nc3 g6 7. Be2 Bg7 8. h4
h5 9. Bg5 O-O 10. Qd2 c6 11. dxc6 bxc6 12. Qxd8 Rxd8 13. f3 Kf8 14. Be3 Ne8 15.
g4 Nc7 16. gxh5 gxh5 17. Kf2 Ne6 18. Rag1 Nf4 19. Bxf4 exf4 20. Rg5 Rb8 21. Rd1
Rxd1 22. Nxd1 Bxb2 23. Rxh5 Be6 24. c3 Kg7 25. Ra5 Rb7 26. Bd3 Bc1 27. Ke2 Kh6
28. Ba6 Rd7 29. Bd3 f6 30. Rc5 Bxa2 31. Rxc6 Bf7 32. Rc8 Kg7 33. Rc5 e5 34. Ra5
Bh5 35. Rd5 Rxd5 36. exd5 a5 37. Bb5 e4 38. d6 Bxf3+ 39. Kf2 Bxd1 40. d7 Be3+
0-1

[Event "134th YMCA Winter A"]
[Site "Warszawa"]
[Date "2014.03.19"]
[Round "9"]
[White "Liberadzki, Slawomir"]
[Black "Delega, Tomasz"]
[Result "1/2-1/2"]
[WhiteElo "2108"]
[BlackElo "2080"]
[Annotator "Admin"]
[PlyCount "115"]
[EventDate "2014.01.09"]
[EventType "tourn"]
[EventRounds "1"]
[EventCountry "POL"]
[SourceDate "2014.01.09"]

1. e4 Nf6 2. Nc3 d5 3. e5 Nfd7 4. d4 c5 5. f4 cxd4 6. Nce2 Qa5+ 7. Qd2 Qxd2+ 8.
Bxd2 Nc6 9. Nf3 Ndb8 10. Nexd4 Bg4 11. h3 Bxf3 12. Nxf3 e6 13. O-O-O a6 14. Be3
Be7 15. c4 dxc4 16. Bxc4 Nd7 17. Kb1 O-O-O 18. Rc1 Kb8 19. Bxa6 Ncxe5 20. Nxe5
Nxe5 21. fxe5 bxa6 22. Rc6 Rd7 23. Rxa6 Rc8 24. a3 Bh4 25. Rb6+ Ka8 26. Rf1 Bg3
27. Bf4 Bxf4 28. Rxf4 Rc5 29. Ra4+ Ra7 30. Rab4 Rd7 31. Ra6+ Ra7 32. Rxa7+ Kxa7
33. Rd4 Rxe5 34. Rd7+ Kb6 35. Rxf7 Rg5 36. Rf2 Kc5 37. Kc2 Kd4 38. Rf4+ Ke3 39.
Rg4 Rc5+ 40. Kb3 g5 41. Kb4 Rd5 42. a4 h5 43. Rc4 Rd2 44. b3 Rxg2 $11 45. a5 g4
46. hxg4 hxg4 47. a6 g3 48. Rc3+ Kf4 49. Kb5 Ra2 50. b4 g2 51. Rc1 e5 52. Kb6
e4 53. b5 e3 54. a7 e2 55. Kb7 Kf3 56. a8=Q Rxa8 57. Kxa8 Kf2 58. b6 $11
1/2-1/2

[Event "134th YMCA Winter A"]
[Site "Warszawa"]
[Date "2014.03.07"]
[Round "9"]
[White "Witek, Tomasz"]
[Black "Rozycki, Bartlomiej"]
[Result "1/2-1/2"]
[WhiteElo "2105"]
[BlackElo "2076"]
[Annotator "Admin"]
[PlyCount "77"]
[EventDate "2014.01.09"]
[EventType "tourn"]
[EventRounds "1"]
[EventCountry "POL"]
[SourceDate "2014.01.09"]

1. d4 Nf6 2. c4 e6 3. Nc3 Bb4 4. Qc2 O-O 5. Nf3 b6 6. g3 Bb7 7. Bg2 d6 8. O-O
Bxc3 9. Qxc3 Nbd7 10. b4 c5 11. Bf4 cxd4 12. Nxd4 Bxg2 13. Kxg2 e5 14. Nc6 Qc7
15. Ne7+ Kh8 16. Bd2 Nc5 17. Nd5 Nxd5 18. cxd5 Na6 19. Qc6 Rac8 20. Rfc1 Kg8
21. a4 Qb8 22. Qd7 Rfd8 23. Qg4 Qb7 24. Bg5 h5 25. Qe4 f6 26. Be3 f5 27. Qxf5
Qxd5+ 28. f3 Rc4 29. Rxc4 Qxc4 30. Kf2 Qf7 31. Qxf7+ Kxf7 32. a5 Nxb4 33. axb6
axb6 $11 34. Bxb6 Rd7 35. Ra8 Nd5 36. Ba5 Nf6 37. Rh8 d5 38. Bb4 d4 39. h3 $11
1/2-1/2

[Event "134th YMCA Winter A"]
[Site "Warszawa"]
[Date "2014.03.03"]
[Round "9"]
[White "Kielar, Maciej"]
[Black "Luksik, Mateusz"]
[Result "1-0"]
[WhiteElo "2118"]
[BlackElo "2071"]
[Annotator "Admin"]
[PlyCount "69"]
[EventDate "2014.01.09"]
[EventType "tourn"]
[EventRounds "1"]
[EventCountry "POL"]
[SourceDate "2014.01.09"]

1. e4 c6 2. d4 d5 3. Nd2 dxe4 4. Nxe4 Bf5 5. Ng3 Bg6 6. Nf3 Nd7 7. Be2 e6 8.
O-O Bd6 9. c4 Ngf6 10. b3 Ne4 11. Nxe4 Bxe4 12. Bb2 Qc7 13. g3 h5 14. Bd3 Bxd3
15. Qxd3 O-O-O 16. Rfe1 Nf6 17. Rad1 Ng4 18. Kg2 Be7 19. h3 Nh6 20. d5 Nf5 21.
Qe4 Bb4 22. Re2 Rhe8 $11 23. a3 Bc5 24. b4 Bxf2 25. Be5 Qb6 26. c5 Bxc5 27.
bxc5 Qxc5 28. dxc6 Rxd1 29. cxb7+ Kd7 30. Qa4+ Ke7 31. Qxd1 Qb6 32. g4 hxg4 33.
hxg4 Qxb7 34. gxf5 Rd8 35. f6+ 1-0

[Event "134th YMCA Winter A"]
[Site "Warszawa"]
[Date "2014.03.24"]
[Round "10"]
[White "Rozycki, Bartlomiej"]
[Black "Kielar, Maciej"]
[Result "1/2-1/2"]
[WhiteElo "2076"]
[BlackElo "2118"]
[Annotator "Admin"]
[PlyCount "128"]
[EventDate "2014.01.09"]
[EventType "tourn"]
[EventRounds "1"]
[EventCountry "POL"]
[SourceDate "2014.01.09"]

1. d4 Nf6 2. c4 g6 3. Nc3 Bg7 4. e4 d6 5. f3 O-O 6. Nge2 c5 7. Be3 cxd4 $11 8.
Nxd4 Nc6 9. Be2 Bd7 10. O-O Nxd4 11. Bxd4 Bc6 12. Rc1 a5 13. b3 Nd7 14. Bxg7
Kxg7 15. Qd4+ Kg8 16. a3 Qb6 17. Qxb6 Nxb6 18. Rfd1 Rfc8 19. Rd2 Kf8 20. Kf2 h5
21. h4 Kg7 22. Ke3 Nd7 23. Bd1 Nb6 24. Ne2 Kf8 25. g4 hxg4 26. fxg4 Kg7 27. Nf4
Nd7 28. Nd3 Rh8 29. Rh2 b6 30. Bf3 Rac8 31. Kd4 Bb7 32. b4 axb4 33. axb4 Ba6
34. Ra2 e5+ 35. Ke3 Bxc4 36. Ra7 Nb8 37. Nb2 Bb5 38. Rcc7 Rxc7 39. Rxc7 Rxh4
40. Rb7 Nd7 41. Nd1 Rh8 42. Nc3 Bc6 43. Rc7 Nb8 44. b5 Bd7 45. Rb7 Rd8 46. Rxb6
Be6 47. g5 f5 48. gxf6+ Kxf6 49. Nd5+ Kf7 50. Nb4 Ke8 $11 51. Be2 Nd7 52. Rxd6
Ke7 53. Ra6 Rh8 54. b6 Rh3+ 55. Kd2 Rb3 56. Nd3 Bc4 57. Ra5 $11 Bxd3 58. Bxd3
Rxb6 59. Ke3 Kf6 60. Kf3 Nf8 61. Bc4 Ne6 62. Bxe6 Kxe6 63. Kg4 Kf6 64. Rc5 Rb1
1/2-1/2

[Event "134th YMCA Winter A"]
[Site "Warszawa"]
[Date "2014.03.13"]
[Round "10"]
[White "Delega, Tomasz"]
[Black "Witek, Tomasz"]
[Result "1/2-1/2"]
[WhiteElo "2080"]
[BlackElo "2105"]
[PlyCount "94"]
[EventDate "2014.01.09"]
[EventType "tourn"]
[EventRounds "1"]
[EventCountry "POL"]
[SourceDate "2014.01.09"]

1. d4 Nf6 2. c4 g6 3. Nc3 Bg7 4. e4 d6 5. f3 c6 6. Be3 a6 7. Qd2 b5 8. O-O-O
Qa5 9. Kb1 b4 10. Nce2 Nbd7 11. Nc1 Rb8 12. Bh6 O-O 13. h4 c5 14. d5 Nh5 15.
Bxg7 Kxg7 16. g4 Ng3 17. Rh3 Nxf1 18. Rxf1 Ne5 19. Qe2 Bd7 20. Rf2 h5 21. Rg3
Rh8 22. gxh5 Rxh5 23. f4 Ng4 24. Rxg4 Bxg4 25. Qxg4 b3 26. axb3 Qe1 27. Qg2
Rxb3 28. Re2 Qd1 29. Nf3 Rd3 30. Ne1 Rd4 31. Nc2 Rxc4 32. Rd2 Rxc2 33. Rxc2
Rxh4 34. Qg3 Rh1 35. f5 Qd4 36. fxg6 Qxe4 37. gxf7+ Kxf7 38. Qf2+ Ke8 39. Qd2
Rh5 40. b3 Rxd5 41. Qc3 Kd7 42. Ka2 Rd1 43. Re2 Qd4 44. Qh3+ Kc6 45. Qc8+ Kb6
46. Qb8+ Kc6 47. Qc8+ Kb6 1/2-1/2

[Event "134th YMCA Winter A"]
[Site "Warszawa"]
[Date "2014.03.26"]
[Round "10"]
[White "Sanz Losada, Victoriano"]
[Black "Liberadzki, Slawomir"]
[Result "1/2-1/2"]
[WhiteElo "2103"]
[BlackElo "2108"]
[Annotator "Admin"]
[PlyCount "35"]
[EventDate "2014.01.09"]
[EventType "tourn"]
[EventRounds "1"]
[EventCountry "POL"]
[SourceDate "2014.01.09"]

1. e4 c5 2. Nf3 e6 3. d4 cxd4 4. Nxd4 Nc6 5. Nb5 d6 6. c4 a6 7. N5a3 Nf6 8. Nc3
Be7 9. Be2 b6 10. O-O Bb7 11. Be3 O-O 12. Qd2 d5 13. cxd5 exd5 14. exd5 Nb4 15.
d6 Bxd6 16. Rad1 Bc7 17. Nc4 Nbd5 18. Bf3 $11 1/2-1/2

[Event "134th YMCA Winter A"]
[Site "Warszawa"]
[Date "2014.03.13"]
[Round "10"]
[White "Eggink, Mateusz"]
[Black "Goslawski, Michal"]
[Result "1-0"]
[WhiteElo "2052"]
[BlackElo "2154"]
[PlyCount "85"]
[EventDate "2014.01.09"]
[EventType "tourn"]
[EventRounds "1"]
[EventCountry "POL"]
[SourceDate "2014.01.09"]

1. e4 e6 2. d4 d5 3. Nd2 Nf6 4. e5 Nfd7 5. Bd3 c5 6. c3 Nc6 7. Ne2 a5 8. O-O a4
9. f4 cxd4 10. cxd4 a3 11. bxa3 Bxa3 12. f5 exf5 13. Bxf5 Bxc1 14. Qxc1 Nf8 15.
Bd3 Ne6 16. Nb3 O-O 17. Qe3 Qg5 18. Qh3 h6 19. Qf3 Nb4 20. Bb1 Ra3 21. Nc3 Bd7
22. Kh1 Nc7 23. Qf2 b6 24. Qe1 Rfa8 25. Ne4 dxe4 26. Qxb4 Nd5 27. Qd6 Ne3 28.
Bxe4 Nxf1 29. Rxf1 Be6 30. d5 Bg4 31. e6 fxe6 32. dxe6 Qb5 33. Kg1 Rxa2 34.
Bxa8 Rxa8 35. e7 Qxb3 36. Rf8+ Kh7 37. h3 Qb1+ 38. Kh2 Bxh3 39. Rxa8 Qe4 40.
Kxh3 Qxa8 41. Qd8 Qa3+ 42. Kh2 Qb4 43. Qd3+ 1-0

[Event "134th YMCA Winter A"]
[Site "Warszawa"]
[Date "2014.03.13"]
[Round "10"]
[White "Olenderek, Tomasz"]
[Black "Nowak, Lukasz"]
[Result "1-0"]
[WhiteElo "2150"]
[BlackElo "2087"]
[PlyCount "91"]
[EventDate "2014.01.09"]
[EventType "tourn"]
[EventRounds "1"]
[EventCountry "POL"]
[SourceDate "2014.01.09"]

1. d4 Nf6 2. Nf3 d5 3. e3 c5 4. c3 Qc7 5. Nbd2 Bf5 6. dxc5 Qxc5 7. Qa4+ Nbd7 8.
Nb3 Qc7 9. Qf4 Qxf4 10. exf4 e6 11. Be3 Bd6 12. Be2 O-O 13. O-O Rfc8 14. Rfc1
Ng4 15. Bd2 Nc5 16. h3 Nf6 17. Nxc5 Bxc5 18. Be3 Bxe3 19. fxe3 Ne4 20. Nh4 Ng3
21. Kf2 Nxe2 22. Kxe2 Be4 23. g4 Rc6 24. Nf3 Rb6 25. b3 Rc8 26. Nd2 Bg6 27. c4
Rbc6 28. Rd1 dxc4 29. Nxc4 b5 30. Nd6 Rc2+ 31. Kf3 R8c5 32. Nxb5 h5 33. Nd4 Rh2
34. Rh1 Rb2 35. Rhc1 Rxc1 36. Rxc1 Rxa2 37. e4 e5 38. fxe5 Rh2 39. Rc8+ Kh7 40.
e6 fxe6 41. Nxe6 Rxh3+ 42. Kf4 Rh4 43. Ng5+ Kh6 44. Rh8+ Bh7 45. Rxh7+ Kg6 46.
Rxh5 1-0

[Event "134th YMCA Winter A"]
[Site "Warszawa"]
[Date "2014.03.13"]
[Round "10"]
[White "Choroszej, Aleksander"]
[Black "Szymczak, Rafal"]
[Result "0-1"]
[WhiteElo "2130"]
[BlackElo "2075"]
[PlyCount "60"]
[EventDate "2014.01.09"]
[EventType "tourn"]
[EventRounds "1"]
[EventCountry "POL"]
[SourceDate "2014.01.09"]

1. d4 d5 2. c4 e6 3. Nc3 f5 4. cxd5 exd5 5. e4 dxe4 6. Nh3 Nc6 7. Be3 g6 8. Bc4
Bg7 9. Qb3 Na5 10. Qa4+ c6 11. Be2 b5 12. Qc2 Nf6 13. b4 Nc4 14. Bxc4 bxc4 15.
Na4 Be6 16. Nf4 Bf7 17. h4 O-O 18. Ne2 Nd5 19. Rb1 Nxe3 20. fxe3 Rb8 21. a3 a5
22. Nb2 axb4 23. Nxc4 bxa3 24. Rxb8 Qxb8 25. Nxa3 Qb4+ 26. Qc3 Qxc3+ 27. Nxc3
c5 28. Ne2 Ra8 29. Nc2 Bb3 30. Kd2 Bxc2 0-1

[Event "134th YMCA Winter A"]
[Site "Warszawa"]
[Date "2014.02.28"]
[Round "11"]
[White "Nowak, Lukasz"]
[Black "Choroszej, Aleksander"]
[Result "1-0"]
[WhiteElo "2087"]
[BlackElo "2130"]
[PlyCount "59"]
[EventDate "2014.01.09"]
[EventType "tourn"]
[EventRounds "1"]
[EventCountry "POL"]
[SourceDate "2014.01.09"]

1. e4 g6 2. d4 Bg7 3. Nf3 d6 4. Be2 Nf6 5. Nc3 O-O 6. O-O a6 7. h3 b5 8. Qe1
Bb7 9. e5 Nd5 10. Nxd5 Bxd5 11. a4 Nd7 12. Bf4 Nb6 13. a5 Nd7 14. b3 Bb7 15.
Rd1 d5 16. e6 Nb8 17. exf7+ Rxf7 18. Bg3 Bc8 19. Qc3 Ra7 20. Rfe1 Rb7 21. b4 h6
22. Nh4 Kh7 23. Bd3 Bf5 24. Nxf5 gxf5 25. Be5 Qd7 26. Re3 e6 27. Rde1 Re7 28.
Bxg7 Rxg7 29. Rxe6 Rf7 30. Bxf5+ 1-0

[Event "134th YMCA Winter A"]
[Site "Warszawa"]
[Date "2014.03.20"]
[Round "11"]
[White "Goslawski, Michal"]
[Black "Olenderek, Tomasz"]
[Result "1-0"]
[WhiteElo "2154"]
[BlackElo "2150"]
[PlyCount "53"]
[EventDate "2014.01.09"]
[EventType "tourn"]
[EventRounds "1"]
[EventCountry "POL"]
[SourceDate "2014.01.09"]

1. e4 d5 2. exd5 Nf6 3. d4 Nxd5 4. Nf3 g6 5. c4 Nb6 6. Nc3 Bg7 7. c5 Nd5 8. Bc4
c6 9. O-O O-O 10. Re1 h6 11. Qb3 Nxc3 12. bxc3 b5 13. cxb6 axb6 14. Ne5 e6 15.
Bd3 g5 16. f4 c5 17. Be4 Ra6 18. dxc5 Bxe5 19. fxe5 Nd7 20. Bb1 bxc5 21. Qc2 f5
22. exf6 Rxf6 23. Qh7+ Kf8 24. Bg6 e5 25. Qxh6+ Kg8 26. Qh7+ Kf8 27. Bxg5 1-0

[Event "134th YMCA Winter A"]
[Site "Warszawa"]
[Date "2014.03.20"]
[Round "11"]
[White "Liberadzki, Slawomir"]
[Black "Eggink, Mateusz"]
[Result "0-1"]
[WhiteElo "2108"]
[BlackElo "2052"]
[PlyCount "44"]
[EventDate "2014.01.09"]
[EventType "tourn"]
[EventRounds "1"]
[EventCountry "POL"]
[SourceDate "2014.01.09"]

1. c4 Nf6 2. Nf3 e6 3. b3 d5 4. Bb2 c5 5. e3 Nc6 6. Nc3 d4 7. exd4 cxd4 8. Nb5
e5 9. Qe2 Bc5 10. b4 Bxb4 11. Nbxd4 O-O 12. Nxc6 bxc6 13. Nxe5 Re8 14. O-O-O
Qa5 15. d4 Bf5 16. Qe3 Rab8 17. Bd3 Bc3 18. Bxf5 Bxb2+ 19. Kc2 Qxa2 20. Rd2
Bxd4+ 21. Kd3 Qb3+ 22. Kxd4 c5+ 0-1

[Event "134th YMCA Winter A"]
[Site "Warszawa"]
[Date "2014.01.24"]
[Round "11"]
[White "Witek, Tomasz"]
[Black "Sanz Losada, Victoriano"]
[Result "1/2-1/2"]
[WhiteElo "2105"]
[BlackElo "2103"]
[Annotator "Admin"]
[PlyCount "125"]
[EventDate "2014.01.09"]
[EventType "tourn"]
[EventRounds "1"]
[EventCountry "POL"]
[SourceDate "2014.01.09"]

1. d4 Nf6 2. c4 e6 3. Nc3 Bb4 4. Qc2 c5 5. e3 b6 6. Nf3 Bb7 7. a3 Bxc3+ 8. bxc3
d6 9. Bd3 Nc6 10. e4 Qc7 11. O-O e5 12. d5 Na5 13. Nh4 Nh5 14. Nf5 g6 15. Nh6
Nf4 16. g3 Nxd3 17. Qxd3 f6 18. f4 Ba6 19. fxe5 Bxc4 20. Qf3 Bxf1 21. exf6
O-O-O 22. Qxf1 Nb3 23. Ra2 Nxc1 24. Qxc1 Rde8 25. Qf4 Rhf8 26. g4 Qe7 27. f7
Rd8 28. Re2 Qe5 29. Qxe5 dxe5 30. g5 Rd7 31. Rf2 b5 32. Rf6 a5 33. Kf2 a4 34.
Ke3 Ra7 35. Kd3 b4 36. cxb4 cxb4 37. Rc6+ Kd8 38. axb4 a3 39. Rc1 a2 40. Ra1
Ke7 41. Kc3 Ra3+ 42. Kb2 Rfa8 43. Ng4 Kxf7 44. Nxe5+ Ke8 45. Nc4 Rh3 46. e5 Ra4
47. Nd6+ Kd7 48. b5 Rb4+ 49. Kxa2 Ra4+ 50. Kb1 Rxa1+ 51. Kxa1 Rxh2 52. b6 h5
53. gxh6 g5 54. Ne4 Rxh6 55. d6 Rh4 56. Nc5+ Kc6 57. d7 Rh8 58. e6 Kd6 59. b7
g4 60. Na6 Kxe6 61. b8=Q Rxb8 62. Nxb8 Ke7 63. Nc6+ $11 1/2-1/2

[Event "134th YMCA Winter A"]
[Site "Warszawa"]
[Date "2014.03.20"]
[Round "11"]
[White "Kielar, Maciej"]
[Black "Delega, Tomasz"]
[Result "1/2-1/2"]
[WhiteElo "2118"]
[BlackElo "2080"]
[PlyCount "145"]
[EventDate "2014.01.09"]
[EventType "tourn"]
[EventRounds "1"]
[EventCountry "POL"]
[SourceDate "2014.01.09"]

1. e4 Nf6 2. e5 Nd5 3. d4 d6 4. Nf3 Bg4 5. Be2 Nc6 6. O-O dxe5 7. dxe5 e6 8. c4
Nb6 9. Nbd2 Be7 10. b3 O-O 11. Bb2 a5 12. a3 Qd7 13. Qc2 Bf5 14. Ne4 Rad8 15.
Rad1 Qc8 16. Bd3 Nd7 17. Rfe1 Bg6 18. Neg5 Nc5 19. Bxg6 fxg6 20. Bc3 h6 21. Ne4
Nxe4 22. Qxe4 Rxd1 23. Rxd1 Bxa3 24. Qxg6 Bc5 25. h4 Qe8 26. Qe4 Qf7 27. Rd3
Qf4 28. Qxf4 Rxf4 29. g3 Rf7 30. Kf1 Kf8 31. Ke2 Ke7 32. Rd1 Rf8 33. Bb2 Ra8
34. Ra1 Rd8 35. Ne1 Bd4 36. Nd3 Bxb2 37. Nxb2 Nd4+ 38. Kf1 Nxb3 39. Ra3 Nd2+
40. Ke2 b6 41. Rd3 Rxd3 42. Kxd3 Nf3 43. Ke4 Ne1 44. h5 Nc2 45. Na4 Nb4 46. f4
Na6 47. g4 Kf8 48. Kd4 Ke7 49. Ke4 Nb8 50. Kd4 Nd7 51. Ke4 c6 52. Kd4 Kd8 53.
Ke4 b5 54. Nc3 Nc5+ 55. Kd4 b4 56. Ne4 Nb3+ 57. Kd3 c5 58. Kc2 a4 59. Kb2 Kd7
60. f5 Ke7 61. Ka2 Nc1+ 62. Kb1 Nd3 63. f6+ Kf8 64. g5 Nxe5 65. fxg7+ Kxg7 66.
gxh6+ Kxh6 67. Nxc5 a3 68. Ka2 Nxc4 69. Nxe6 Na5 70. Nc5 Kxh5 71. Nd3 Nc6 72.
Nxb4 Nxb4+ 73. Kxa3 1/2-1/2

[Event "134th YMCA Winter A"]
[Site "Warszawa"]
[Date "2014.03.12"]
[Round "11"]
[White "Luksik, Mateusz"]
[Black "Rozycki, Bartlomiej"]
[Result "1/2-1/2"]
[WhiteElo "2071"]
[BlackElo "2076"]
[Annotator "Admin"]
[PlyCount "185"]
[EventDate "2014.01.09"]
[EventType "tourn"]
[EventRounds "1"]
[EventCountry "POL"]
[SourceDate "2014.01.09"]

1. Nf3 Nf6 2. d4 e6 3. Bg5 Be7 4. e3 b6 5. Bd3 Bb7 6. Nbd2 c5 7. c3 d5 8. Ne5
Nbd7 9. f4 O-O 10. O-O Ne4 11. Bxe7 Qxe7 12. Bxe4 dxe4 13. Nxd7 Qxd7 14. Qh5
Qb5 15. Nb3 Bd5 16. dxc5 bxc5 17. Rf2 f5 18. Nc1 Bc4 19. b3 Bd3 20. c4 Qa5 21.
Nxd3 exd3 22. Rd1 Rfd8 23. Rfd2 Rd7 24. h3 g6 25. Qg5 Qd8 26. Qxd8+ Raxd8 27.
Re1 e5 28. e4 Rd4 29. exf5 e4 30. fxg6 hxg6 31. Kf2 Kf7 32. Ke3 Kf6 33. Rc1 a5
34. h4 a4 35. g4 axb3 36. axb3 Rb8 37. Rb1 Rh8 38. Rh1 Rb8 39. Rb1 Rh8 40. Rh2
d2 41. Rxd2 Rxd2 42. Kxd2 Rxh4 43. Ke3 Rxg4 44. Kxe4 g5 45. Rf1 Ke6 46. Rf3 Rh4
47. Ke3 gxf4+ 48. Rxf4 Rh3+ 49. Rf3 Rh1 $11 50. Kd3 Rh6 51. Rf8 Kd6 52. Rc8
Rh3+ 53. Kc2 Rh2+ 54. Kc3 Rh3+ 55. Kb2 Rh7 56. Rg8 Kc6 57. Rg6+ Kb7 58. Ka3 Rh3
59. Ka4 Rf3 60. Kb5 Rxb3+ 61. Kxc5 Rh3 62. Rg7+ Kb8 63. Kb6 Rh6+ 64. Kb5 Rh5+
65. c5 Rh6 66. Rd7 Kc8 67. Ra7 Kb8 68. Ra1 Rg6 69. Rd1 Kc8 70. Rd5 Rh6 71. Rg5
Kb8 72. Rg8+ Kb7 73. Rg7+ Kb8 74. Kc4 Rh1 75. Kd5 Kc8 76. Re7 Rh5+ 77. Kc6 Rh6+
78. Kb5 Rg6 79. Re8+ Kc7 80. Rh8 Rf6 81. Rh7+ Kc8 82. Kc4 Rg6 83. Re7 Rh6 84.
Kd5 Rh5+ 85. Kc4 Rh6 86. Re5 Kc7 87. Rg5 Kc6 88. Rg4 Rf6 89. Kb4 Rh6 90. Rd4
Rg6 91. Rc4 Rh6 92. Ka5 Rh1 93. Kb4 $11 1/2-1/2

[Event "134th YMCA Winter A"]
[Site "Warszawa"]
[Date "2014.02.20"]
[Round "12"]
[White "Delega, Tomasz"]
[Black "Luksik, Mateusz"]
[Result "0-1"]
[WhiteElo "2080"]
[BlackElo "2071"]
[PlyCount "56"]
[EventDate "2014.01.09"]
[EventType "tourn"]
[EventRounds "1"]
[EventCountry "POL"]
[SourceDate "2014.01.09"]

1. e4 c6 2. d4 d5 3. Nc3 dxe4 4. Nxe4 Bf5 5. Ng3 Bg6 6. Nf3 Nd7 7. Bc4 e6 8.
Qe2 Bd6 9. Bg5 Ngf6 10. O-O Qc7 11. Rfe1 O-O 12. Ne5 c5 13. Nxg6 hxg6 14. dxc5
Bxc5 15. Rad1 Rac8 16. Bb3 Rfd8 17. Ne4 Nxe4 18. Qxe4 Nf6 19. Qh4 Rxd1 20. Rxd1
Rd8 21. Rf1 Qe5 22. c3 Qe2 23. Qc4 Bxf2+ 24. Kh1 Rd3 25. Rb1 Ne4 26. Bf4 Be1
27. h3 Qf1+ 28. Kh2 Qxf4+ 0-1

[Event "134th YMCA Winter A"]
[Site "Warszawa"]
[Date "2014.02.14"]
[Round "12"]
[White "Sanz Losada, Victoriano"]
[Black "Kielar, Maciej"]
[Result "0-1"]
[WhiteElo "2103"]
[BlackElo "2118"]
[PlyCount "108"]
[EventDate "2014.01.09"]
[EventType "tourn"]
[EventRounds "1"]
[EventCountry "POL"]
[SourceDate "2014.01.09"]

1. e4 c5 2. Nf3 d6 3. d4 cxd4 4. Nxd4 Nf6 5. Nc3 g6 6. Be3 a6 7. f3 Nbd7 8. a4
b6 9. Be2 Bb7 10. O-O Bg7 11. Kh1 O-O 12. Qe1 e6 13. Rd1 Rc8 14. Nb3 Qc7 15.
Qg3 Ne5 16. Nd2 d5 17. f4 Nc6 18. e5 Nd7 19. Nf3 f6 20. Qh3 Rce8 21. exf6 Nxf6
22. Ng5 Bc8 23. Bg4 Qe7 24. Bxb6 h6 25. Nf3 h5 26. Nh4 hxg4 27. Qd3 Qb4 28. Bc7
Rf7 29. Be5 Ne4 30. Bxg7 Kxg7 31. Rde1 g5 32. fxg5 Rxf1+ 33. Rxf1 Ne5 34. Qe3
Rf8 35. Rxf8 Qxf8 36. Qa7+ Qf7 37. Qxf7+ Kxf7 38. Nxe4 dxe4 39. Kg1 Ng6 40. g3
Nxh4 41. gxh4 Kg6 42. b4 Bd7 43. b5 axb5 44. a5 Bc8 45. Kf2 b4 46. Ke3 Kf5 47.
Kf2 Ba6 48. Ke3 e5 49. Kf2 Bb5 50. Ke3 Bc4 51. Kd2 Kf4 52. g6 e3+ 53. Ke1 Kf5
54. h5 Kf6 0-1

[Event "134th YMCA Winter A"]
[Site "Warszawa"]
[Date "2014.01.31"]
[Round "12"]
[White "Eggink, Mateusz"]
[Black "Witek, Tomasz"]
[Result "1-0"]
[WhiteElo "2052"]
[BlackElo "2105"]
[PlyCount "52"]
[EventDate "2014.01.09"]
[EventType "tourn"]
[EventRounds "1"]
[EventCountry "POL"]
[SourceDate "2014.01.09"]

1. e4 e6 2. d4 d5 3. Nc3 Bb4 4. e5 c5 5. a3 Bxc3+ 6. bxc3 Qc7 7. Qg4 Ne7 8.
Qxg7 Rg8 9. Qxh7 cxd4 10. Qd3 dxc3 11. f4 Bd7 12. Ne2 Nbc6 13. Nxc3 a6 14. Bd2
Rc8 15. Nd1 Na5 16. Ne3 Bb5 17. Qd4 Nc4 18. Bxc4 Bxc4 19. Kf2 Nc6 20. Qb2 b5
21. h3 Qa7 22. Rhe1 a5 23. Kg1 Nd4 24. Kh2 Ke7 25. Rad1 Ne2 26. f5 Rg5 1-0

[Event "134th YMCA Winter A"]
[Site "Warszawa"]
[Date "2014.01.29"]
[Round "12"]
[White "Olenderek, Tomasz"]
[Black "Liberadzki, Slawomir"]
[Result "1/2-1/2"]
[WhiteElo "2150"]
[BlackElo "2108"]
[Annotator "Admin"]
[PlyCount "74"]
[EventDate "2014.01.09"]
[EventType "tourn"]
[EventRounds "1"]
[EventCountry "POL"]
[SourceDate "2014.01.09"]

1. d4 d5 2. Nf3 Nf6 3. e3 e6 4. Nbd2 c5 5. c3 Nc6 6. Bd3 Bd6 7. O-O O-O 8. dxc5
Bxc5 9. b4 Bd6 10. Bb2 b6 11. e4 Qc7 12. Qe2 Bb7 13. Rfe1 Ne5 14. Nxe5 Bxe5 15.
exd5 Bxh2+ 16. Kh1 exd5 17. Nf3 Bf4 18. Nd4 Rfe8 19. Qf3 Bd2 20. Rxe8+ Rxe8 21.
Rd1 Qf4 22. Qxf4 Bxf4 23. Bb5 Rc8 24. f3 a6 25. Ba4 b5 26. Bb3 Be5 27. a4 Bxd4
28. Rxd4 Re8 29. axb5 axb5 30. Rd1 Re2 31. Bc1 h6 32. Kg1 Nh5 33. Bxd5 Bxd5 34.
Rxd5 Re1+ 35. Kf2 Rxc1 36. Rxh5 Rxc3 37. Rxb5 Rc2+ $11 1/2-1/2

[Event "134th YMCA Winter A"]
[Site "Warszawa"]
[Date "2014.03.24"]
[Round "12"]
[White "Choroszej, Aleksander"]
[Black "Goslawski, Michal"]
[Result "0-1"]
[WhiteElo "2130"]
[BlackElo "2154"]
[PlyCount "56"]
[EventDate "2014.01.09"]
[EventType "tourn"]
[EventRounds "1"]
[EventCountry "POL"]
[SourceDate "2014.01.09"]

1. d4 Nf6 2. c4 e6 3. Nc3 Bb4 4. f3 d5 5. a3 Be7 6. e4 dxe4 7. fxe4 e5 8. Nf3
exd4 9. Qxd4 O-O 10. Qxd8 Bxd8 11. e5 Re8 12. Be2 Ng4 13. Bf4 Nc6 14. Rd1 Bf5
15. Rd5 Ne7 16. Rb5 Ng6 17. Bg3 b6 18. h3 Ne3 19. Kf2 c6 20. Rb4 Nc2 21. Rb3 b5
22. Nd1 Bb6+ 23. Kf1 a6 24. cxb5 cxb5 25. a4 b4 26. Bf2 Bxf2 27. Kxf2 Nxe5 28.
Ne3 Be6 0-1

[Event "134th YMCA Winter A"]
[Site "Warszawa"]
[Date "2014.03.18"]
[Round "12"]
[White "Szymczak, Rafal"]
[Black "Nowak, Lukasz"]
[Result "0-1"]
[WhiteElo "2075"]
[BlackElo "2087"]
[Annotator "Admin"]
[PlyCount "122"]
[EventDate "2014.01.09"]
[EventType "tourn"]
[EventRounds "1"]
[EventCountry "POL"]
[SourceDate "2014.01.09"]

1. f4 d5 2. Nf3 g6 3. d4 Nf6 4. e3 c5 5. Be2 Bg7 6. O-O O-O 7. Ne5 Qc7 8. c3 b6
9. a4 Ba6 10. Bxa6 Nxa6 11. Qe2 Qb7 12. Bd2 Rac8 13. Na3 c4 14. g4 Nb8 15. Kh1
Nbd7 16. Rg1 Ne4 17. Nxd7 Qxd7 18. Nc2 $11 f6 19. Be1 e5 20. Bg3 exf4 21. Bxf4
g5 22. Bg3 f5 23. gxf5 Rxf5 24. a5 Rcf8 25. axb6 axb6 26. Nb4 Rf2 27. Qh5 Qe6
28. Bxf2 Nxf2+ 29. Kg2 Qe4+ 30. Kg3 Qxe3+ 31. Kg2 Nd1 32. Ra8 Qd2+ 33. Kh1 Nf2+
34. Kg2 Ng4+ 35. Kh1 Nf2+ 36. Kg2 Rxa8 37. Nxd5 Qc2 38. Re1 Rf8 39. Re2 Qb1 40.
Ne7+ Kh8 41. Rxf2 Qe4+ 42. Kg3 Qxe7 43. Rxf8+ Bxf8 44. Qf3 Kg7 45. Kg4 Qe6+ 46.
Kxg5 Be7+ 47. Kf4 Qf7+ 48. Ke4 Qxf3+ 49. Kxf3 Kf6 50. Ke4 Ke6 51. b3 cxb3 52.
Kd3 b5 53. h3 Kd5 54. Kd2 Kc4 55. Kc1 Kxc3 56. d5 Kc4 57. Kb2 Bf6+ 58. Ka3 b2
59. Ka2 Kxd5 60. h4 Bxh4 61. Kxb2 Bf6+ 0-1